000 00968cam a2200301 a 4500
001 1387
005 20260304085354.0
020 _a0618064877
020 _a9780618956715
040 _aDLC
_cDLC
_dDLC
_beng
050 0 0 _aPZ7.G2724
_bNu 2001
082 0 0 _a[E]
_221
100 1 _aGeisert, Arthur
245 1 0 _aNursery crimes /
_cArthur Geisert.
260 _aBoston :
_bHoughton Mifflin,
_c2001.
300 _a32 pages :
_bcolor illustrations ;
_c29 cm.
505 _aK
520 _aFor Thanksgiving Day, the fourteen pigs in the Jambonneau family trim their trees to look like turkeys, but wake up one morning to find they have all been stolen.
521 _a570
_bLexile
521 _aK
_bRaz-Plus
650 1 _aTrees
_vFiction.
650 1 _aFarms
_vFiction.
650 1 _aRobbers and outlaws
_vFiction.
650 1 _aPigs
_vFiction.
650 1 _aThanksgiving Day
_vFiction.
906 _a7
_bcbc
_corignew
_d1
_eocip
_f20
_gy-gencatlg
942 _2ddc
_cBK
_n0
999 _c1387
_d1387